[Event "11. Magistral República -Villa Martelli"]
[Site "Villa Martelli ARG"]
[Date "2007.07.29"]
[Round "6.2"]
[White "Scarella, Enrique"]
[Black "Barrionuevo, Pablo"]
[Result "1-0"]
[WhiteElo "2344"]
[BlackElo "2288"]
[PlyCount "57"]
[EventDate "2007.07.23"]
[EventType "tourn"]
[EventRounds "9"]
[EventCountry "ARG"]
[EventCategory "2"]
[Source "lmi"]
[SourceDate "2007.07.23"]

1. Nf3 Nf6 2. c4 g6 3. Nc3 d5 4. cxd5 Nxd5 5. Qa4+ Bd7 6. Qh4 Nxc3 7. dxc3 Nc6
8. e4 e5 9. Bg5 Be7 10. Bc4 h5 11. Bxe7 Qxe7 12. Qxe7+ Kxe7 13. Nd2 Nd8 14.
O-O-O h4 15. Nf1 Ne6 16. Ne3 c6 17. Ng4 Rh5 18. Nf6 Kxf6 19. Rxd7 Rb8 20. Rhd1
Ng5 21. R1d6+ Kg7 22. Re7 Nxe4 23. Rdd7 Nc5 24. Rxf7+ Kh6 25. Rde7 Rh8 26. Be2
Rg5 27. g3 hxg3 28. fxg3 a5 29. g4 1-0

[Event "11. Magistral República -Villa Martelli"]
[Site "Villa Martelli ARG"]
[Date "2007.07.29"]
[Round "6.3"]
[White "Oliveira, Silvio Eduardo"]
[Black "Valiente, Cristobal"]
[Result "1/2-1/2"]
[WhiteElo "2261"]
[BlackElo "2280"]
[PlyCount "85"]
[EventDate "2007.07.23"]
[EventType "tourn"]
[EventRounds "9"]
[EventCountry "ARG"]
[EventCategory "2"]
[Source "lmi"]
[SourceDate "2007.07.23"]

1. e4 e5 2. Nf3 Nc6 3. Bb5 a6 4. Ba4 Nf6 5. O-O Be7 6. Re1 b5 7. Bb3 O-O 8. h3
d6 9. c3 Be6 10. Bxe6 fxe6 11. a4 Qd7 12. d3 b4 13. Nbd2 Rab8 14. Nc4 Qe8 15.
Ng5 Bd8 16. d4 bxc3 17. bxc3 h6 18. Nf3 exd4 19. cxd4 Qg6 20. e5 Ne4 21. exd6
cxd6 22. Qd3 d5 23. Nce5 Nxe5 24. Nxe5 Qf5 25. Re2 Bc7 26. Nd7 Ng3 27. Qxa6
Nxe2+ 28. Qxe2 Rb1 29. Rxb1 Qxb1 30. Qxe6+ Rf7 31. g3 Qxc1+ 32. Kg2 Bd6 33.
Qxd6 Qb2 34. Qb8+ Qxb8 35. Nxb8 Ra7 36. Nc6 Rxa4 37. Ne7+ Kf7 38. Nxd5 Rxd4 39.
Ne3 Rd2 40. h4 h5 41. Kf3 Kf6 42. Nc4 Rd4 43. Ne3 1/2-1/2

[Event "11. Magistral República -Villa Martelli"]
[Site "Villa Martelli ARG"]
[Date "2007.07.29"]
[Round "6.5"]
[White "Aguilar, Andres"]
[Black "Larrea, Manuel"]
[Result "0-1"]
[WhiteElo "2264"]
[BlackElo "2324"]
[PlyCount "128"]
[EventDate "2007.07.23"]
[EventType "tourn"]
[EventRounds "9"]
[EventCountry "ARG"]
[EventCategory "2"]
[Source "lmi"]
[SourceDate "2007.07.23"]

1. e4 c5 2. Nf3 Nc6 3. d4 cxd4 4. Nxd4 Nf6 5. Nc3 d6 6. Bc4 e6 7. Bb3 Be7 8.
Be3 a6 9. O-O O-O 10. f4 Nxd4 11. Bxd4 b5 12. e5 dxe5 13. fxe5 Nd7 14. Ne4 Bb7
15. Nd6 Bxd6 16. exd6 Qg5 17. Qe2 e5 18. Bc3 Qg6 19. Rad1 Kh8 20. Bd5 Bxd5 21.
Rxd5 Rac8 22. Rfd1 Rc4 23. a3 f6 24. Qf2 Qe8 25. Ba5 Rf4 26. Qe3 Qc8 27. Bc7
Qb7 28. b3 Qc6 29. R5d2 Kg8 30. h3 Re4 31. Qf3 Qc5+ 32. Kh1 f5 33. Qd3 Re3 34.
Qd5+ Qxd5 35. Rxd5 Rc3 36. Rc1 Kf7 37. Ba5 Rc6 38. Bc7 Ke6 39. Rd2 f4 40. c4 f3
41. Kg1 Rf4 42. Rdc2 bxc4 43. bxc4 fxg2 44. Kxg2 Rd4 45. Rc3 Nc5 46. Rb1 Ne4
47. Rc2 Nxd6 48. Bxd6 Kxd6 49. c5+ Kd5 50. Rb7 Rg6+ 51. Kf2 Rf4+ 52. Ke1 Rg1+
53. Kd2 Rf2+ 54. Kc3 Rg3+ 55. Kb2 Rxc2+ 56. Kxc2 Kxc5 57. Rc7+ Kd4 58. Rd7+ Ke4
59. Rb7 Rxa3 60. Rxg7 Rxh3 61. Ra7 Rh6 62. Kd2 Rd6+ 63. Ke2 h6 64. Ra8 Rb6 0-1

[Event "11. Magistral República -Villa Martelli"]
[Site "Villa Martelli ARG"]
[Date "2007.07.30"]
[Round "7.1"]
[White "Larrea, Manuel"]
[Black "Ripari, Marcelo"]
[Result "1/2-1/2"]
[WhiteElo "2324"]
[BlackElo "2350"]
[PlyCount "21"]
[EventDate "2007.07.23"]
[EventType "tourn"]
[EventRounds "9"]
[EventCountry "ARG"]
[EventCategory "2"]
[Source "lmi"]
[SourceDate "2007.07.23"]

1. e4 c5 2. Nf3 Nc6 3. d4 cxd4 4. Nxd4 Nf6 5. Nc3 e6 6. Ndb5 Bb4 7. a3 Bxc3+ 8.
Nxc3 d5 9. exd5 exd5 10. Bd3 O-O 11. O-O 1/2-1/2

[Event "11. Magistral República -Villa Martelli"]
[Site "Villa Martelli ARG"]
[Date "2007.07.30"]
[Round "7.2"]
[White "Della Morte, Pablo"]
[Black "Aguilar, Andres"]
[Result "0-1"]
[WhiteElo "2283"]
[BlackElo "2264"]
[PlyCount "52"]
[EventDate "2007.07.23"]
[EventType "tourn"]
[EventRounds "9"]
[EventCountry "ARG"]
[EventCategory "2"]
[Source "lmi"]
[SourceDate "2007.07.23"]

1. e4 e5 2. Nf3 Nc6 3. Bb5 a6 4. Ba4 Nf6 5. O-O Nxe4 6. d4 b5 7. Bb3 d5 8. dxe5
Be6 9. Be3 Be7 10. c3 Nc5 11. Bc2 Nd7 12. Re1 Ncxe5 13. Nxe5 Nxe5 14. Bd4 Nc6
15. Bxg7 Rg8 16. Qh5 Kd7 17. Bh6 Bc5 18. Nd2 Qf6 19. Nf3 Rg4 20. Kh1 Rag8 21.
Rad1 Kc8 22. Rxd5 Bxf2 23. Rxe6 Qxf3 24. Be4 Rxg2 25. Re8+ Rxe8 26. Qf5+ Re6
0-1

[Event "11. Magistral República -Villa Martelli"]
[Site "Villa Martelli ARG"]
[Date "2007.07.30"]
[Round "7.4"]
[White "Barrionuevo, Pablo"]
[Black "Oliveira, Silvio Eduardo"]
[Result "1-0"]
[WhiteElo "2288"]
[BlackElo "2261"]
[PlyCount "109"]
[EventDate "2007.07.23"]
[EventType "tourn"]
[EventRounds "9"]
[EventCountry "ARG"]
[EventCategory "2"]
[Source "lmi"]
[SourceDate "2007.07.23"]

1. e4 c5 2. c3 Nf6 3. e5 Nd5 4. d4 cxd4 5. cxd4 Nc6 6. Nc3 Nxc3 7. bxc3 d5 8.
Bd3 g6 9. h3 Bg7 10. Nf3 O-O 11. O-O Na5 12. Bf4 Bd7 13. Re1 Rc8 14. Rc1 Nc4
15. Qe2 a6 16. Ng5 h6 17. e6 hxg5 18. exd7 Qxd7 19. Bxg5 Rfe8 20. f4 Nd6 21.
Kh2 e6 22. Qf3 f5 23. Qe3 Rc6 24. Rc2 Nf7 25. Bh4 Qc7 26. Rec1 Nd6 27. Be1 b5
28. Kh1 Nc4 29. Qg3 Kf7 30. Re2 Bh6 31. Rf2 Nb6 32. Bc2 Rc8 33. Rf3 Qd6 34. Qf2
Nc4 35. g4 Na3 36. gxf5 exf5 37. Bb3 Re8 38. Bd2 Rc7 39. Rg1 Rce7 40. Qh4 Bg7
41. Bc1 Nc4 42. Bc2 Rh8 43. Qg3 Qf6 44. Qg2 Rhe8 45. Rg3 Re6 46. Qxd5 Rd8 47.
Qb7+ Re7 48. Qg2 Rd6 49. Rg5 Ne3 50. Bxe3 Rxe3 51. Bxf5 gxf5 52. Rxg7+ Kf8 53.
Qa8+ Rd8 54. Rg8+ Kf7 55. R1g7+ 1-0

[Event "11. Magistral República -Villa Martelli"]
[Site "Villa Martelli ARG"]
[Date "2007.07.30"]
[Round "7.5"]
[White "Gattass, Allan"]
[Black "Scarella, Enrique"]
[Result "0-1"]
[WhiteElo "2203"]
[BlackElo "2344"]
[PlyCount "76"]
[EventDate "2007.07.23"]
[EventType "tourn"]
[EventRounds "9"]
[EventCountry "ARG"]
[EventCategory "2"]
[Source "lmi"]
[SourceDate "2007.07.23"]

1. d4 c5 2. e3 Nf6 3. c4 g6 4. Nc3 Bg7 5. Nf3 O-O 6. Be2 cxd4 7. exd4 d5 8. O-O
Nc6 9. h3 b6 10. Ne5 Bb7 11. Bf3 Na5 12. b4 Nxc4 13. Nxc4 Rc8 14. Nxb6 Qxb6 15.
Na4 Qxb4 16. Be3 Ba8 17. Rb1 Qd6 18. Qd2 Ne4 19. Qa5 f5 20. Rfd1 f4 21. Bc1 Ng5
22. Bg4 Rc2 23. Rb2 Rxb2 24. Bxb2 h5 25. Bf3 Nxf3+ 26. gxf3 Qd7 27. Kh2 Qf5 28.
Nc5 Bc6 29. Rd2 Bd7 30. Nxd7 Qxd7 31. Re2 Rb8 32. Qe1 Bf6 33. Qc1 Qb5 34. Qxf4
Qxe2 35. Qxb8+ Kh7 36. Kg3 Qf1 37. f4 Qh1 38. f5 h4+ 0-1

[Event "11. Magistral República -Villa Martelli"]
[Site "Villa Martelli ARG"]
[Date "2007.08.01"]
[Round "8.1"]
[White "Ripari, Marcelo"]
[Black "Scarella, Enrique"]
[Result "1-0"]
[WhiteElo "2350"]
[BlackElo "2344"]
[PlyCount "71"]
[EventDate "2007.07.23"]
[EventType "tourn"]
[EventRounds "9"]
[EventCountry "ARG"]
[EventCategory "2"]
[Source "lmi"]
[SourceDate "2007.07.23"]

1. e4 c5 2. Nf3 g6 3. d4 Bg7 4. c4 Qb6 5. dxc5 Qxc5 6. Be2 d6 7. O-O Nc6 8. a3
Qb6 9. Ra2 Bg4 10. Be3 Qd8 11. Nbd2 Nf6 12. Qb1 O-O 13. h3 Bxf3 14. Nxf3 Nd7
15. b4 a5 16. b5 Nce5 17. Nxe5 Bxe5 18. Rd1 Qc7 19. f4 Bg7 20. b6 Qc6 21. e5
dxe5 22. Bf3 Qc8 23. Qb5 Nb8 24. fxe5 Nc6 25. Bxc6 bxc6 26. Qc5 Qe6 27. Bf4
Rfb8 28. Rad2 g5 29. Bxg5 Bxe5 30. Bxe7 Bf4 31. Rd3 Qe2 32. Bd6 Rd8 33. Qf2
Qxd1+ 34. Rxd1 Bxd6 35. Rxd6 Rxd6 36. b7 1-0

[Event "11. Magistral República -Villa Martelli"]
[Site "Villa Martelli ARG"]
[Date "2007.08.01"]
[Round "8.3"]
[White "Paglilla, Carlos"]
[Black "Barrionuevo, Pablo"]
[Result "1/2-1/2"]
[WhiteElo "2367"]
[BlackElo "2288"]
[PlyCount "21"]
[EventDate "2007.07.23"]
[EventType "tourn"]
[EventRounds "9"]
[EventCountry "ARG"]
[EventCategory "2"]
[Source "lmi"]
[SourceDate "2007.07.23"]

1. c4 Nf6 2. Nc3 e5 3. Nf3 Nc6 4. e4 Bb4 5. d3 d6 6. Be2 O-O 7. O-O Ne7 8. Nd5
Nfxd5 9. cxd5 c5 10. dxc6 Nxc6 11. d4 1/2-1/2

[Event "11. Magistral República -Villa Martelli"]
[Site "Villa Martelli ARG"]
[Date "2007.08.01"]
[Round "8.4"]
[White "Aguilar, Andres"]
[Black "Valiente, Cristobal"]
[Result "1/2-1/2"]
[WhiteElo "2264"]
[BlackElo "2280"]
[PlyCount "39"]
[EventDate "2007.07.23"]
[EventType "tourn"]
[EventRounds "9"]
[EventCountry "ARG"]
[EventCategory "2"]
[Source "lmi"]
[SourceDate "2007.07.23"]

1. e4 e5 2. Nf3 Nc6 3. Bb5 a6 4. Ba4 Nf6 5. O-O Be7 6. Re1 b5 7. Bb3 O-O 8. d4
d6 9. c3 Bg4 10. Be3 exd4 11. cxd4 Na5 12. Bc2 c5 13. Nbd2 cxd4 14. Bxd4 Nc6
15. Nf1 Rc8 16. Bb3 Bxf3 17. gxf3 Nh5 18. Ng3 Nxg3 19. hxg3 Bf6 20. Bxf6
1/2-1/2

[Event "11. Magistral República -Villa Martelli"]
[Site "Villa Martelli ARG"]
[Date "2007.08.01"]
[Round "8.5"]
[White "Larrea, Manuel"]
[Black "Della Morte, Pablo"]
[Result "0-1"]
[WhiteElo "2324"]
[BlackElo "2283"]
[PlyCount "70"]
[EventDate "2007.07.23"]
[EventType "tourn"]
[EventRounds "9"]
[EventCountry "ARG"]
[EventCategory "2"]
[Source "lmi"]
[SourceDate "2007.07.23"]

1. e4 e6 2. d3 d5 3. Nd2 c5 4. Ngf3 Nc6 5. g3 g6 6. Bg2 Bg7 7. O-O Nge7 8. Re1
O-O 9. e5 Qc7 10. Qe2 f6 11. exf6 Bxf6 12. Nf1 Nf5 13. c3 e5 14. Ne3 Nxe3 15.
Bxe3 b6 16. Bh6 Re8 17. Nxe5 Bxe5 18. Bxd5+ Kh8 19. Bf4 Bd7 20. Bxe5+ Rxe5 21.
Qf3 Rf5 22. Qg2 Raf8 23. f4 Qd6 24. Be4 R5f7 25. Bd5 Re7 26. Rxe7 Nxe7 27. Be4
Nf5 28. Re1 Re8 29. g4 Qxf4 30. Rf1 Qe3+ 31. Kh1 Nd6 32. Rf3 Qg5 33. Qf2 Kg7
34. h4 Qxg4 35. Rf6 Nf5 0-1

[Event "11. Magistral República -Villa Martelli"]
[Site "Villa Martelli ARG"]
[Date "2007.08.02"]
[Round "9.3"]
[White "Barrionuevo, Pablo"]
[Black "Aguilar, Andres"]
[Result "1-0"]
[WhiteElo "2288"]
[BlackElo "2264"]
[PlyCount "77"]
[EventDate "2007.07.23"]
[EventType "tourn"]
[EventRounds "9"]
[EventCountry "ARG"]
[EventCategory "2"]
[Source "lmi"]
[SourceDate "2007.07.23"]

1. d4 Nf6 2. Bg5 e6 3. e4 c5 4. d5 d6 5. Nc3 Be7 6. Nf3 O-O 7. Qd2 exd5 8. exd5
a6 9. a4 Re8 10. Be2 Bf5 11. O-O h6 12. Bf4 Ne4 13. Nxe4 Bxe4 14. Rfe1 Nd7 15.
c4 Qc7 16. a5 Bf6 17. Ra3 Re7 18. Be3 Rae8 19. Rc1 Ne5 20. Nxe5 Bxe5 21. Rb3 g5
22. Bh5 Rf8 23. f4 Bg7 24. fxg5 hxg5 25. Bxg5 Re5 26. Rg3 f6 27. Bh6 Rxh5 28.
Rxg7+ Qxg7 29. Bxg7 Kxg7 30. b4 Rg5 31. g3 Rg4 32. bxc5 dxc5 33. Qe3 Re8 34.
Qxc5 Bd3 35. Qc7+ Kg6 36. d6 Rd4 37. d7 Rh8 38. Re1 Bxc4 39. Qc5 1-0

[Event "11. Magistral República -Villa Martelli"]
[Site "Villa Martelli ARG"]
[Date "2007.08.02"]
[Round "9.1"]
[White "Scarella, Enrique"]
[Black "Oliveira, Silvio Eduardo"]
[Result "0-1"]
[WhiteElo "2344"]
[BlackElo "2261"]
[PlyCount "86"]
[EventDate "2007.07.23"]
[EventType "tourn"]
[EventRounds "9"]
[EventCountry "ARG"]
[EventCategory "2"]
[Source "lmi"]
[SourceDate "2007.07.23"]

1. Nf3 d5 2. c4 e6 3. d4 c6 4. Qc2 Nf6 5. g3 dxc4 6. Qxc4 b5 7. Qc2 Bb7 8. Bg2
Nbd7 9. a4 a6 10. O-O Rc8 11. Bg5 c5 12. axb5 axb5 13. Bxf6 gxf6 14. Qd2 b4 15.
dxc5 Bxc5 16. Qh6 f5 17. Nbd2 Qf6 18. Qh5 Bd5 19. Rac1 Qxb2 20. Ng5 Bxf2+ 21.
Rxf2 Rxc1+ 22. Nf1 Qg7 23. Bxd5 Nf6 24. Nxe6 Nxh5 25. Nxg7+ Nxg7 26. Rf4 Rb1
27. Kf2 Ke7 28. Bc4 Rb8 29. g4 Ne6 30. Rxf5 Rc1 31. Nd2 Rd8 32. Bd3 Nc5 33.
Re5+ Kf8 34. Re3 b3 35. Nxb3 Nxb3 36. Bxh7 Kg7 37. Bf5 Nd4 38. Bd3 Rd6 39. g5
Re6 40. Rg3 Rh1 41. Rg4 Nxe2 42. Rh4 Rc1 43. Rh6 Nf4 0-1